Integral equations and their applications / (Record no. 200468093)

MARC details
000 -LEADER
fixed length control field 01126cam a2200337 4500
001 - CONTROL NUMBER
control field 200468093
003 - CONTROL NUMBER IDENTIFIER
control field TR-AnTOB
005 - DATE AND TIME OF LATEST TRANSACTION
control field 20260413174758.0
007 - PHYSICAL DESCRIPTION FIXED FIELD--GENERAL INFORMATION
fixed length control field ta
008 - FIXED-LENGTH DATA ELEMENTS--GENERAL INFORMATION
fixed length control field 730104m1966 enk 000 0 eng
015 ## - NATIONAL BIBLIOGRAPHY NUMBER
National bibliography number B6610399 (volume 1)
040 ## - CATALOGING SOURCE
Original cataloging agency DLC
Language of cataloging eng
Description conventions rda
Transcribing agency WSU
Modifying agency OCL
-- SER
-- UKM
-- TR-AnTOB
041 1# - LANGUAGE CODE
Language code of text/sound track or separate title İngilizce
Language code of original pol
050 14 - LIBRARY OF CONGRESS CALL NUMBER
Classification number QA431
Item number .P6413 1966
090 ## - LOCALLY ASSIGNED LC-TYPE CALL NUMBER (OCLC); LOCAL CALL NUMBER (RLIN)
Classification number (OCLC) (R) ; Classification number, CALL (RLIN) (NR) QA431
Local cutter number (OCLC) ; Book number/undivided call number, CALL (RLIN) .P6413 1966
100 1# - MAIN ENTRY--PERSONAL NAME
Personal name Pogorzelski, Witold,
Dates associated with a name 1895-1963
9 (RLIN) 153626
Relator term author
240 10 - UNIFORM TITLE
Uniform title Calkowe i ich zastosowania.
Language of a work English.
245 10 - TITLE STATEMENT
Title Integral equations and their applications /
Statement of responsibility, etc. by W. Pogorzelski.
264 #1 - PRODUCTION, PUBLICATION, DISTRIBUTION, MANUFACTURE, AND COPYRIGHT NOTICE
Place of production, publication, distribution, manufacture Oxford :
Name of producer, publisher, distributor, manufacturer Pergamon Press,
Date of production, publication, distribution, manufacture, or copyright notice 1966.
Date of production, publication, distribution, manufacture, or copyright notice ©1966
300 ## - PHYSICAL DESCRIPTION
Extent volumes <v.1> ;
Dimensions 23 cm
336 ## - CONTENT TYPE
Content type term text
Content type code txt
Source rdacontent
337 ## - MEDIA TYPE
Media type term unmediated
Media type code n
Source rdamedia
338 ## - CARRIER TYPE
Carrier type term volume
Carrier type code nc
Source rdacarrier
350 ## - PRICE (NR) (BK AM CF MU VM SE) [OBSOLETE]
Price £6.00 (v. 1)
490 0# - SERIES STATEMENT
Series statement International series of monographs in pure and applied mathematics,
Volume/sequential designation v 88
500 ## - GENERAL NOTE
General note Originally published as Równania calkowe i ich zastosowania. Warsaw, P.W.N.
650 #0 - SUBJECT ADDED ENTRY--TOPICAL TERM
Topical term or geographic name entry element Integral equations
9 (RLIN) 25124
942 ## - ADDED ENTRY ELEMENTS (KOHA)
Source of classification or shelving scheme Library of Congress Classification
Koha item type Book
Holdings
Withdrawn status Lost status Source of classification or shelving scheme Materials specified (bound volume or other part) Not for loan Collection code Home library Current library Shelving location Date acquired Source of acquisition Inventory number Total Checkouts Full call number Date last seen Date shelved Koha item type Public note
    Library of Congress Classification v.1 Ödünç verilemez-Teknik işlemde / Not for loan-In technical process Genel Koleksiyon Merkez Kütüphane Merkez Kütüphane Genel Koleksiyon / Main Collection 22/01/2026 Bağış / Donation MAT   QA431 .P6413 1966 v.1 13/04/2026 13/04/2026 Book Donated by Ahmet Okay Çelebi
Devinim Yazılım Eğitim Danışmanlık tarafından Koha'nın orjinal sürümü uyarlanarak geliştirilip kurulmuştur.